[Event "Columbus Cardinal op"]
[Site "Columbus"]
[Date "2016.01.29"]
[Round "1"]
[White "Ramer, Scott Leo"]
[Black "Arnold, Justin N"]
[Result "1-0"]
[WhiteElo "2238"]
[BlackElo "1959"]
[PlyCount "65"]
[EventDate "2016.01.29"]
[EventType "swiss"]
[EventRounds "5"]
[EventCountry "USA"]
[SourceTitle "EXT 2023"]
[Source "ChessBase"]
[SourceDate "2022.10.05"]
[SourceVersion "1"]
[SourceVersionDate "2022.10.05"]
[SourceQuality "1"]

1. d4 Nf6 2. Nf3 e6 3. c4 d5 4. g3 Bb4+ 5. Bd2 Be7 6. Bg2 c6 7. Qc2 Nbd7 8. 0-0 0-0 9. Bf4 Nh5 10. Bc1 b6 11. Ne5 Bb7 12. cxd5 cxd5 13. Nc6 Bxc6 14. Qxc6 Rc8 15. Qa4 Rc4 16. Qd1 Nhf6 17. Bf4 Qa8 18. Qd3 Rfc8 19. Nc3 Bb4 20. Nd1 Nh5 21. Be3 Nhf6 22. a3 Bd6 23. Nc3 a6 24. Bd2 b5 25. b3 R4c7 26. e4 e5 27. Nxd5 Nxd5 28. exd5 exd4 29. Qxd4 Be5 30. Qe3 Bxa1 31. d6 Re8 32. Bxa8 Rxe3 33. dxc7 1-0